000 00343nam a2200133 4500
005 20260530115302.0
100 1 _aAndrew Martin
_931375
245 1 0 _aMold Casting & Slip Casting
264 1 _bA Lark Ceramics Book
_c2006
300 _a160 páginas
336 _atexto
_2rdacontent
337 _asin medio
_2rdamedia
338 _avolumen
_2rdacarrier
999 _c12901
_d12901